000 00375nam a2200145Ia 4500
008 240624s9999 xx 000 0 und d
041 _aeng
082 _a005.74 KIM
100 _aKIMBALL RALPH
245 _aDATA WAREHOUSE TOOLKIT THE COMPLETE GUID
250 _a(3rd ed.)
260 _c2015
_aNew Delhi
_bWiley
300 _axxxiv, : 564 : p. : cm. ; 26
365 _cRS
_b33
999 _c25586
_d25586